000 01976cas a2200505 a 4500
001 11386938
005 20230620151314.0
008 880502d19671993gw qr p 0 0ger c
010 _a 91643812
_zsn 88021629
016 7 _a011195797
_2DE-101
016 7 _a207454-0
_2DE-600
016 7 _a101086584
_2DNLM
022 _a0936-451X
_y0015-7910
035 _a(OCoLC)ocm17882948
040 _aIUL
_beng
_cIUL
_dDLC
_dHUL
_dNLM
_dOCLCQ
_dGBVCP
_dOCLCF
_dOCL
_dOCLCO
_dOCL
_dOCLCQ
_dOCLCO
042 _apcc
043 _ae-ur---
_aee-----
_ad------
050 0 0 _aDR38.3.G3
_bO85
050 1 4 _aDK266.A2
_bO87
082 _a327
_bINT
245 0 0 _aVierteljahresberichte /
_cForschungsinstitut der Friedrich-Ebert-Stiftung.
260 _aHannover :
_bVerlag für Literatur und Zeitgeschehen,
_c1967-1993.
300 _avolumes ;
_c24 cm
310 _aQuarterly
362 0 _aNr. 27 (März 1967)-nr. 134 (Dez. 1993).
500 _aTitle from cover.
590 _aSERBIB/SERLOC merged record
650 7 _aInternational relations.
_2fast
651 0 _aSoviet Union
_xRelations
_zDeveloping countries
_vPeriodicals.
651 0 _aEurope, Eastern
_xRelations
_zDeveloping countries
_vPeriodicals.
651 0 _aDeveloping countries
_xRelations
_zSoviet Union
_vPeriodicals.
651 0 _aDeveloping countries
_xRelations
_zEurope, Eastern
_vPeriodicals.
651 7 _aDeveloping countries.
_2fast
651 7 _aEastern Europe.
_2fast
651 7 _aSoviet Union.
_2fast
655 7 _aPeriodicals.
_2fast
655 7 _aPeriodicals.
_2lcgft
710 2 _aFriedrich-Ebert-Stiftung.
_bForschungsinstitut.
776 0 8 _iOnline version:
_tVierteljahresberichte
_w(OCoLC)557438561
780 0 0 _tOstblock und die Entwicklungsländer
_x0344-9513
_w(DLC)sn 88021628
_w(OCoLC)17882935
785 0 0 _tInternationale Politik und Gesellschaft
_x0945-2419
_w(DLC)sn 94030278
_w(OCoLC)30382409
906 _a7
_bcbc
_cserials
_du
_encip
_f19
_gn-oclcserc
942 _2ddc
_cBK
999 _c1839
_d1839